[Event "Mittelrhein Verbandsliga-O 1112"]
[Site "Germany"]
[Date "2012.04.15"]
[Round "9"]
[White "Vaerst, Joachim"]
[Black "Claff, Kurt"]
[Result "0-1"]
[WhiteElo "1971"]
[BlackElo "1808"]
[PlyCount "36"]
[EventDate "2011.09.18"]
[EventType "team-tourn"]
[EventRounds "11"]
[EventCountry "GER"]
[SourceTitle "EXT 2013"]
[Source "ChessBase"]
[SourceDate "2012.11.22"]
[SourceVersion "1"]
[SourceVersionDate "2012.11.22"]
[SourceQuality "1"]
[WhiteTeam "Erftstadt SV"]
[BlackTeam "Siebengebirge"]
[WhiteTeamCountry "GER"]
[BlackTeamCountry "GER"]

1. e4 e6 2. d4 d5 3. Bd3 Nf6 4. exd5 exd5 5. Bf4 Bd6 6. Qe2+ Be6 7. Be5 Nc6 8. Nf3 h6 9. 0-0 0-0 10. c3 Bg4 11. Bxd6 Qxd6 12. h3 Rae8 13. Qd1 Bh5 14. Nbd2 Ne4 15. Qc2 f5 16. c4 Nxd2 17. Qxd2 Bxf3 18. gxf3 Nxd4 0-1

[Event "Mittelrhein Verbandsliga-O 1112"]
[Site "Germany"]
[Date "2012.03.18"]
[Round "8"]
[White "Claff, Kurt"]
[Black "Kopp, Jan"]
[Result "1-0"]
[WhiteElo "1808"]
[BlackElo "1957"]
[PlyCount "72"]
[EventDate "2011.09.18"]
[EventType "team-tourn"]
[EventRounds "11"]
[EventCountry "GER"]
[SourceTitle "EXT 2013"]
[Source "ChessBase"]
[SourceDate "2012.11.22"]
[SourceVersion "1"]
[SourceVersionDate "2012.11.22"]
[SourceQuality "1"]
[WhiteTeam "Siebengebirge"]
[BlackTeam "Godesberg IV"]
[WhiteTeamCountry "GER"]
[BlackTeamCountry "GER"]

1. e4 c5 2. d3 g6 3. g3 Bg7 4. Bg2 Nc6 5. Nf3 e5 6. Nbd2 Nge7 7. 0-0 0-0 8. a4 d6 9. h3 f5 10. exf5 gxf5 11. c3 h6 12. Nh2 Be6 13. f4 Qe8 14. Qe2 Qg6 15. Qf2 Rad8 16. Ndf3 Bf6 17. Kh1 Kh8 18. Rg1 e4 19. dxe4 fxe4 20. Nd2 e3 21. Qxe3 Nf5 22. Be4 Bd5 23. Qf3 Bxe4 24. Nxe4 Be7 25. Be3 d5 26. Nxc5 d4 27. cxd4 Ncxd4 28. Bxd4+ Nxd4 29. Qe4 Nf5 30. g4 Bxc5 31. Qe5+ Ng7 32. Qxc5 Qe4+ 33. Rg2 Rxf4 34. g5 h5 35. g6 Rf6 36. Qg5 Kg8 1-0

[Event "Mittelrhein Verbandsliga-O 1112"]
[Site "Germany"]
[Date "2011.12.11"]
[Round "4"]
[White "Claff, Kurt"]
[Black "Bigott, Martin"]
[Result "1-0"]
[WhiteElo "1808"]
[BlackElo "1811"]
[PlyCount "89"]
[EventDate "2011.09.18"]
[EventType "team-tourn"]
[EventRounds "11"]
[EventCountry "GER"]
[SourceTitle "EXT 2013"]
[Source "ChessBase"]
[SourceDate "2012.11.22"]
[SourceVersion "1"]
[SourceVersionDate "2012.11.22"]
[SourceQuality "1"]
[WhiteTeam "Siebengebirge"]
[BlackTeam "Lohmar"]
[WhiteTeamCountry "GER"]
[BlackTeamCountry "GER"]

1. Nf3 Nf6 2. g3 d5 3. Bg2 b6 4. 0-0 Bb7 5. d3 e6 6. c3 Be7 7. Nbd2 0-0 8. Qc2 c5 9. e4 Nc6 10. Re1 Rc8 11. b3 d4 12. c4 h6 13. Nf1 Kh7 14. h3 e5 15. Nh4 g6 16. Nh2 Ng8 17. N4f3 Bf6 18. Kh1 Rc7 19. Ng4 Bg7 20. Qe2 Bc8 21. Ngh2 Be6 22. Ng1 f6 23. Bd2 Rcf7 24. f4 Nb4 25. Rf1 exf4 26. gxf4 f5 27. e5 Na6 28. Nhf3 Nc7 29. Rae1 Bc8 30. h4 Ne6 31. Nh3 Bb7 32. h5 gxh5 33. Nfg5+ hxg5 34. Qxh5+ Nh6 35. fxg5 f4 36. g6+ Kh8 37. gxf7 Bxg2+ 38. Kxg2 Rxf7 39. Bxf4 Nxf4+ 40. Rxf4 Qa8+ 41. Rfe4 Rf5 42. Qh4 Rxe5 43. Kg1 Rxe4 44. Rxe4 Kg8 45. Ng5 1-0

[Event "Mittelrhein Verbandsliga-O 1112"]
[Site "Germany"]
[Date "2011.09.18"]
[Round "1"]
[White "Pesch, Karl"]
[Black "Claff, Kurt"]
[Result "1/2-1/2"]
[WhiteElo "1783"]
[BlackElo "1808"]
[PlyCount "78"]
[EventDate "2011.09.18"]
[EventType "team-tourn"]
[EventRounds "11"]
[EventCountry "GER"]
[SourceTitle "EXT 2013"]
[Source "ChessBase"]
[SourceDate "2012.11.22"]
[SourceVersion "1"]
[SourceVersionDate "2012.11.22"]
[SourceQuality "1"]
[WhiteTeam "Rheinbacher SF"]
[BlackTeam "Siebengebirge"]
[WhiteTeamCountry "GER"]
[BlackTeamCountry "GER"]

1. d4 Nf6 2. c4 c5 3. d5 b5 4. cxb5 a6 5. Nc3 g6 6. e4 d6 7. Nf3 Bg7 8. Be2 0-0 9. 0-0 Qb6 10. bxa6 Nxa6 11. Nd2 Nc7 12. Nc4 Qa7 13. Bf4 Ba6 14. Qc2 Nd7 15. Rfd1 Nb5 16. Nxb5 Bxb5 17. Rd2 Rfb8 18. Rb1 Qxa2 19. b3 Qxc2 20. Rxc2 Ra7 21. Be3 Rab7 22. Ra2 Bxc4 23. Bxc4 Ne5 24. Be2 h6 25. f3 Rxb3 26. Rxb3 Rxb3 27. Kf2 Rb7 28. Ra8+ Kh7 29. Rc8 Nd7 30. f4 e6 31. dxe6 fxe6 32. Rc6 Bf8 33. Bc4 e5 34. g3 Kg7 35. Kf3 Kf6 36. Bd5 Ra7 37. h3 exf4 38. gxf4 g5 39. e5+ Kf5 1/2-1/2